[Event "DEN-ch cand"]
[Site "Aalborg"]
[Date "2006.04.17"]
[Round "7"]
[White "Nikontovic, Semir"]
[Black "Olsen, Peter Erik"]
[Result "1/2-1/2"]
[WhiteElo "2316"]
[BlackElo "2212"]
[PlyCount "58"]
[EventDate "2006.04.11"]
[EventType "swiss"]
[EventRounds "7"]
[EventCountry "DEN"]
[SourceTitle "EXT 2018"]
[Source "ChessBase"]
[SourceDate "2017.10.13"]
[SourceVersion "1"]
[SourceVersionDate "2017.10.13"]
[SourceQuality "1"]

1. e4 c6 2. d4 d5 3. Nd2 dxe4 4. Nxe4 Nf6 5. Nxf6+ exf6 6. c3 Bd6 7. Bd3 0-0 8. Ne2 Re8 9. 0-0 Qc7 10. Ng3 Nd7 11. Nf5 Nf8 12. Nxd6 Qxd6 13. Qf3 Be6 14. Be3 Ng6 15. Rfe1 a6 16. c4 Rad8 17. b3 Qd7 18. h3 Ne7 19. Rad1 Bf5 20. Bxf5 Nxf5 21. d5 Nxe3 22. Rxe3 Rxe3 23. Qxe3 cxd5 24. Rxd5 Qc8 25. Qc5 Qb8 26. Qa7 g6 27. Rxd8+ Qxd8 28. Qxb7 Qd2 29. Qxa6 Qc1+ 1/2-1/2

[Event "DEN-ch cand"]
[Site "Aalborg"]
[Date "2006.04.13"]
[Round "3"]
[White "Nikontovic, Semir"]
[Black "Harholm, Jes"]
[Result "1-0"]
[WhiteElo "2316"]
[BlackElo "2174"]
[PlyCount "59"]
[EventDate "2006.04.11"]
[EventType "swiss"]
[EventRounds "7"]
[EventCountry "DEN"]
[SourceTitle "EXT 2018"]
[Source "ChessBase"]
[SourceDate "2017.10.13"]
[SourceVersion "1"]
[SourceVersionDate "2017.10.13"]
[SourceQuality "1"]

1. e4 e6 2. d4 d5 3. e5 c5 4. c3 Nc6 5. Nf3 Bd7 6. Be2 Qb6 7. 0-0 Nge7 8. dxc5 Qc7 9. Na3 Nxe5 10. Nxe5 Qxe5 11. Re1 Qb8 12. Bd3 Nc6 13. b4 a6 14. Rb1 Be7 15. c4 dxc4 16. Nxc4 Qc7 17. Qf3 e5 18. Qg3 0-0 19. Nxe5 Nxe5 20. Rxe5 Qd8 21. Rd5 Re8 22. Bb2 Bf8 23. h3 Qe7 24. Bxh7+ Kxh7 25. Qd3+ Qe4 26. Rxd7 Qxd3 27. Rxd3 a5 28. a3 axb4 29. axb4 Ra2 30. Kf1 1-0

[Event "DEN-chT 0001"]
[Site "Denmark"]
[Date "2000.11.18"]
[Round "3"]
[White "Nikontovic, Semir"]
[Black "Rewitz, Poul"]
[Result "1/2-1/2"]
[WhiteElo "2300"]
[BlackElo "2338"]
[PlyCount "126"]
[EventDate "2000.??.??"]
[EventType "team"]
[EventRounds "7"]
[EventCountry "DEN"]
[SourceTitle "EXT 2002"]
[Source "ChessBase"]
[SourceDate "2001.11.25"]
[SourceVersion "1"]
[SourceVersionDate "2001.11.25"]
[SourceQuality "1"]
[WhiteTeam "Copenhagen 34"]
[BlackTeam "Skolerne"]
[WhiteTeamCountry "DEN"]
[BlackTeamCountry "DEN"]

1. e4 g6 2. Nc3 Bg7 3. f4 c6 4. d4 d5 5. e5 h5 6. Nf3 Nh6 7. Be3 Bf5 8. Be2 Nd7 9. h3 b5 10. Qd2 Nb6 11. b3 e6 12. Ng5 f6 13. Nf3 Nf7 14. 0-0 Nd7 15. Nd1 Bf8 16. Nf2 Be7 17. c4 bxc4 18. bxc4 Rb8 19. c5 fxe5 20. fxe5 h4 21. Nd3 g5 22. Nh2 Nh6 23. Rf2 Bg6 24. Nb4 Rc8 25. Nf3 Nf7 26. Raf1 a5 27. Bd3 Bh5 28. Nc2 Rb8 29. Nce1 Rb4 30. Qc2 Rg8 31. a3 Rb7 32. Nh2 Qb8 33. Qa4 Qc7 34. Ng4 Bxg4 35. Rxf7 Bf5 36. Bxf5 Kxf7 37. Bh7+ Kg7 38. Bxg8 Kxg8 39. Nf3 g4 40. hxg4 Rb2 41. Bg5 Nf8 42. Bxe7 Qxe7 43. Qxc6 h3 44. gxh3 Qh7 45. Qe8 Qxh3 46. Qf7+ Kxf7 47. Ng5+ Ke7 48. Nxh3 Rb3 49. Nf4 Rxa3 50. Kf2 Nh7 51. Rb1 Ng5 52. Rb7+ Kd8 53. Ke2 Ra2+ 54. Ke3 Ra3+ 55. Ke2 Ra2+ 56. Ke3 Ra3+ 57. Nd3 Ne4 58. Rb2 a4 59. Rg2 Ng5 60. Rh2 Ne4 61. Rg2 Ng5 62. Rc2 Ne4 63. Rg2 Ng5 1/2-1/2

[Event "Nordic Net Club Cup"]
[Site "ICC INT"]
[Date "2000.09.16"]
[Round "1"]
[White "Lampen, Timo"]
[Black "Nikontovic, Semir"]
[Result "1-0"]
[WhiteElo "2308"]
[BlackElo "2300"]
[PlyCount "101"]
[EventDate "2000.09.16"]
[EventType "team-tourn"]
[EventRounds "5"]
[EventCountry "USA"]
[SourceTitle "EXT 2001"]
[Source "ChessBase"]
[SourceDate "2000.11.22"]
[SourceVersion "1"]
[SourceVersionDate "2000.11.22"]
[SourceQuality "1"]

1. d4 Nf6 2. c4 g6 3. Nc3 d5 4. cxd5 Nxd5 5. Bd2 Nb6 6. e3 Bg7 7. Nf3 0-0 8. Be2 Nc6 9. Bc1 e5 10. d5 Ne7 11. e4 Bg4 12. h3 Bxf3 13. gxf3 c6 14. a4 cxd5 15. a5 Nbc8 16. exd5 Nd6 17. Be3 Nef5 18. Ra4 Nxe3 19. fxe3 Qg5 20. Kd2 Bh6 21. Qg1 Nf5 22. Qxg5 Bxg5 23. f4 exf4 24. exf4 Bf6 25. Bd3 Bxc3+ 26. bxc3 Nd6 27. c4 Rac8 28. Rb1 Rc5 29. Kc3 Rfc8 30. Kd4 f6 31. h4 R5c7 32. Rg1 Kf7 33. Rb4 f5 34. Re1 Rd8 35. c5 Ne8 36. Bc4 Kf8 37. d6 Rg7 38. Bd5 Rdd7 39. Be6 Rd8 40. Ke5 h6 41. Reb1 g5 42. Rxb7 gxh4 43. Bxf5 Rg2 44. R1b2 Rg1 45. Rb8 Re1+ 46. Be4 Rd7 47. R2b7 h3 48. Rb1 Re2 49. R8b2 Re3 50. Rb3 Re2 51. Rxh3 1-0

[Event "Nordic Net Club Cup"]
[Site "ICC INT"]
[Date "2000.09.16"]
[Round "3"]
[White "Nikontovic, Semir"]
[Black "Samuelsen, Carl Eli Nolsoe"]
[Result "1-0"]
[WhiteElo "2300"]
[BlackElo "2055"]
[PlyCount "127"]
[EventDate "2000.09.16"]
[EventType "team-tourn"]
[EventRounds "5"]
[EventCountry "USA"]
[SourceTitle "EXT 2001"]
[Source "ChessBase"]
[SourceDate "2000.11.22"]
[SourceVersion "1"]
[SourceVersionDate "2000.11.22"]
[SourceQuality "1"]

1. e4 c5 2. Nc3 Nc6 3. f4 g6 4. Nf3 Bg7 5. Bb5 Nd4 6. Nxd4 cxd4 7. Ne2 Qb6 8. Bd3 e6 9. b3 Ne7 10. Bb2 d6 11. 0-0 Bd7 12. a4 Nc6 13. Kh1 a5 14. Bc4 0-0-0 15. c3 Kb8 16. Qe1 dxc3 17. dxc3 Qe3 18. Ng3 Qxe1 19. Raxe1 Be8 20. Rd1 Kc7 21. Rd3 g5 22. Nh5 Bh6 23. fxg5 Bxg5 24. Rg3 h6 25. Nf6 Ne5 26. Nxe8+ Rhxe8 27. Bb5 Rf8 28. b4 b6 29. bxa5 bxa5 30. Ba3 f5 31. exf5 Rxf5 32. Rb1 Bf6 33. Re3 h5 34. Re2 Bg5 35. Reb2 Rb8 36. h3 d5 37. Bc5 Nc4 38. Re2 e5 39. Rd1 Rd8 40. Bg1 Bf6 41. Bh2 Kb6 42. Bxc4 dxc4 43. Rxd8 Bxd8 44. Bxe5 Rf1+ 45. Kh2 Ra1 46. g4 hxg4 47. hxg4 Rxa4 48. Rd2 Bg5 49. Rd4 Kc5 50. Bg7 Ra2+ 51. Kg3 Rc2 52. Re4 a4 53. Re5+ Kb6 54. Rxg5 a3 55. Bd4+ Ka6 56. Rg6+ Ka5 57. Rg8 Ka4 58. Ra8+ Kb3 59. Rb8+ Ka2 60. g5 Rb2 61. Ra8 Rb5 62. Kg4 Kb3 63. g6 a2 64. g7 1-0

[Event "DEN-chT 9900"]
[Site "Denmark"]
[Date "1999.11.20"]
[Round "2.5"]
[White "Nikontovic, Semir"]
[Black "Jacobsen, Bo"]
[Result "0-1"]
[WhiteElo "2300"]
[BlackElo "2274"]
[PlyCount "76"]
[EventDate "1999.11.07"]
[EventType "team-tourn"]
[EventRounds "7"]
[EventCountry "DEN"]
[SourceTitle "EXT 2023"]
[Source "ChessBase"]
[SourceDate "2022.10.05"]
[SourceVersion "1"]
[SourceVersionDate "2022.10.05"]
[SourceQuality "1"]
[WhiteTeam "Nykobing Falster"]
[BlackTeam "Skolerne"]
[WhiteTeamCountry "DEN"]
[BlackTeamCountry "DEN"]

1. e4 d6 2. d4 Nf6 3. Nc3 e5 4. Nf3 exd4 5. Nxd4 g6 6. Bf4 Bg7 7. Qd2 0-0 8. 0-0-0 Re8 9. f3 a6 10. Nb3 Nbd7 11. Bg5 b5 12. h4 Nb6 13. g4 Be6 14. h5 b4 15. Nb1 a5 16. hxg6 fxg6 17. Qh2 Qe7 18. Bb5 Bd7 19. Bxd7 Qxd7 20. N1d2 Qf7 21. Kb1 Na4 22. f4 Nxb2 23. Rde1 Na4 24. e5 Nc3+ 25. Kc1 Nxa2+ 26. Kb1 Nc3+ 27. Kc1 Nxg4 28. Qxh7+ Kf8 29. f5 Bxe5 30. Rxe5 dxe5 31. f6 Qxh7 32. Rxh7 Kg8 33. Rg7+ Kh8 34. Nf3 Rf8 35. Nh4 Nxf6 36. Rxc7 Nfd5 37. Nxg6+ Kg8 38. Rb7 Rf1+ 0-1

[Event "DEN-chT 9697"]
[Site "Denmark"]
[Date "1997.02.02"]
[Round "5.5"]
[White "Nikontovic, Semir"]
[Black "Brondum, Eric"]
[Result "0-1"]
[WhiteElo "2320"]
[BlackElo "2285"]
[PlyCount "86"]
[EventDate "1996.11.03"]
[EventType "team-tourn"]
[EventRounds "7"]
[EventCountry "DEN"]
[SourceTitle "EXT 2023"]
[Source "ChessBase"]
[SourceDate "2022.10.05"]
[SourceVersion "1"]
[SourceVersionDate "2022.10.05"]
[SourceQuality "1"]
[WhiteTeam "Copenhagen 34"]
[BlackTeam "Copenhagen K41"]
[WhiteTeamCountry "DEN"]
[BlackTeamCountry "DEN"]

1. c4 Nf6 2. Nc3 g6 3. e4 d6 4. d4 Bg7 5. Be2 0-0 6. g4 c5 7. d5 e6 8. g5 Ne8 9. h4 exd5 10. cxd5 Qe7 11. Qd3 Na6 12. a3 f5 13. gxf6 Nxf6 14. Nh3 b5 15. Ng5 c4 16. Qc2 Nc5 17. Be3 Nb3 18. Rd1 a6 19. Rg1 Bd7 20. Bf3 Rae8 21. Ne2 Nh5 22. Bxh5 gxh5 23. Nf4 Rxf4 24. Bxf4 Rf8 25. Bh2 Kh8 26. Ne6 Bxe6 27. Rxg7 Qxg7 28. dxe6 Nd4 29. Rxd4 Qxd4 30. Qc3 Qxc3+ 31. bxc3 Re8 32. Bxd6 Rxe6 33. e5 Kg7 34. Ke2 Kg6 35. Ke3 Kf5 36. Kd4 Rg6 37. Kd5 Rg1 38. Kc6 Ke6 39. f4 Rf1 40. f5+ Rxf5 41. Kb6 Rf4 42. Kxa6 Rxh4 43. Kxb5 Rh1 0-1

[Event "DEN-chT 9596"]
[Site "Denmark"]
[Date "1996.??.??"]
[Round "6"]
[White "Nikontovic, Semir"]
[Black "Nielsen, Tommy"]
[Result "1-0"]
[WhiteElo "2320"]
[BlackElo "2215"]
[PlyCount "69"]
[EventDate "1995.??.??"]
[EventType "team"]
[EventRounds "7"]
[EventCountry "DEN"]
[SourceTitle "EXT 2000"]
[Source "ChessBase"]
[SourceDate "1999.11.16"]
[SourceVersion "1"]
[SourceVersionDate "1999.11.16"]
[SourceQuality "1"]

1. e4 c6 2. d4 g6 3. Nc3 Bg7 4. f4 d5 5. e5 Nh6 6. Nf3 Bg4 7. Be3 Nf5 8. Bf2 e6 9. h3 Bxf3 10. Qxf3 Qa5 11. g4 Ne7 12. Bd3 c5 13. dxc5 Nbc6 14. 0-0 0-0 15. g5 Nb4 16. a3 Nxd3 17. cxd3 h6 18. h4 Nf5 19. b4 Qd8 20. Ne2 b5 21. cxb6 axb6 22. Nd4 Nxd4 23. Bxd4 b5 24. Rfc1 Qd7 25. gxh6 Bxh6 26. Rc2 Rfc8 27. Rg2 Bf8 28. h5 Bxb4 29. hxg6 fxg6 30. Rxg6+ Kf7 31. f5 Rg8 32. fxe6+ Kxg6 33. exd7 Raf8 34. Qg2+ Kf7 35. axb4 1-0